Dragon Ball - Détenteurs de la technique d'absorption - Statistiques

Statistiques générales
  • Ce quiz a été pris 69 fois
  • Le résultat moyen est 4 sur 16
Statistiques - réponses
Personnes absorbées Animé Détenteur de la technique % Correct
Tout-Puissant, Nail DBZ Piccolo
96%
C-17, C-18 DBZ Cell
91%
Dai Kaïoshin, Gotenks, Piccolo, Sangohan DBZ Super Boo
49%
Kaïoshin du Sud DBZ Kid Boo
25%
Dragons maléfiques DBGT Li Shenron
25%
Majin Boo DBGT Oob
23%
OG73-I DBS Moro
14%
Dragon Balls DBGT Sangoku
9%
Majin Boo (gros) DBZ Majin Boo (maigre)
5%
Piccolo, Krilin, Sangohan, Jaco DBS OG73-I
4%
Cooler DBZ Big Gete Star
2%
Sangoku DBGT Cell
2%
Taupe, Pan DBGT Chi Shenron
2%
Super Mega Canon Sigma, M-2 DBGT Général Rild
2%
Gryll, Végéta DBS Komeson
2%
Frères Para Para, Pan, Doltakki DBGT Lood
2%
Aucun quiz correspondant
Distribution des résultats
% des personnes avec chaque résultat
Percentile par nombre de réponses
Votre historique - résultats
Vous n’avez pas pris ce quiz